000 00490nam a2200205 a 4500
001 BRCA_4036
005 20190320204525.0
008 110210s1962----nyu#######---#000-0#eng-#
041 _aeng
044 _anyu
050 4 _aPZ3
_b.S86 1962
100 1 _aStout, Rex.
_910486
245 1 0 _aGambit
_ba Nero Wolfe Novel
_cby Rex Stout.
260 _aNueva York
_bViking
_cc1962
300 _a188 p.
_c21 cm.
500 _aCEF24
650 1 4 _aNovelas
_910431
902 _aGFM
942 _2lcc
_cB
999 _c3760
_d3760